Carillion Construction Ltd v Felix (UK) Ltd (Record no. 66085)

MARC details
000 -LEADER
fixed length control field 00618cam a2200181 4500
001 - CONTROL NUMBER
control field X110854
008 - FIXED-LENGTH DATA ELEMENTS--GENERAL INFORMATION
fixed length control field 000000n2000 000 0 eng u
035 ## - SYSTEM CONTROL NUMBER
System control number (Sirsi) u110854
245 ## - TITLE STATEMENT
Title Carillion Construction Ltd v Felix (UK) Ltd
260 ## - PUBLICATION, DISTRIBUTION, ETC.
Date of publication, distribution, etc. 2000
490 ## - SERIES STATEMENT
Series statement Construction Industry Law Letter
Volume/sequential designation [2000] CILL 1693-1696(4)
520 ## - SUMMARY, ETC.
Summary, etc. TCC 6 November 200. Economic duress with settlement agreement set aside (Taken from headnote)
650 ## - SUBJECT ADDED ENTRY--TOPICAL TERM
Topical term or geographic name entry element CARILLION CONSTRUCTION V FELIX UK
650 ## - SUBJECT ADDED ENTRY--TOPICAL TERM
Topical term or geographic name entry element ECONOMIC DURESS
650 ## - SUBJECT ADDED ENTRY--TOPICAL TERM
Topical term or geographic name entry element SETTLEMENT AGREEMENTS
690 ## - LOCAL SUBJECT ADDED ENTRY--TOPICAL TERM (OCLC, RLIN)
Topical term or geographic name as entry element BUILDING AND CONSTRUCTION-CASE LAW
942 ## - ADDED ENTRY ELEMENTS (KOHA)
Suppress in OPAC 0
Holdings
Withdrawn status Lost status Source of classification or shelving scheme Damaged status Not for loan Home library Current library Shelving location Date acquired Total Checkouts Full call number Barcode Date last seen Copy number Price effective from Koha item type
    Dewey Decimal Classification     London London Journals 09/02/2001   X110854 110854-1001 06/08/2019 1 06/08/2019 Law report